01426nam a2200241Ia 4500001000600000003000900006008004100015040001300056040001300069041001300082100002300095100002900118245003900147245003900186250001100225260001900236260001200255260004900267300004300316500076600359650002801125650003101153D8912IT-RoPAU130308s9999 xx 000 0 und d aIT-RoPAU cIT-RoPAU aITALIANO aMonteleone Massimo gCodice Aut. SPICS: 25759 aLuna-Dark. Il cinema di Tim Burton bLuna-Dark. Il Cinema di Tim Burton a1a ed. aRECCO (GENOVA) bLe Mani c1996 [1° Ed.:1996 - Ed.Ling.Originale:1996] a"164 p. (prefazione: no ; testo: 164)" aIntroduzione Alle favole di un Luna Dark di Lusso Abitato da Freaks. ritratto e carriera di un giovane Artista Neogotico: Tim Burton. Esordio: Incubiprima e Dopo Walt Disney: Vincent e Frankenweenie. Burlesque: clown e fantasmi da Baraccone, Pop, cartoons in carne e Ossa: Pee Wee'S Big Adventure Ebeetlejuice Spiritello Porcello. Pipistrelli e Doppelganger, Ovvero Schizofrenie Zoologiche e Giocattoli Crudeli: Batman e Batman Il Ritorno. Fiabe Neoromantiche: Frankenstein & Pinocchio meet Santa Claus And The Monsters From Halloweentown: Edward mani di Forbice e Tim Burton'S Nightmare Before Christmas. Epica del Trash: Omaggi Espliciti e Autobiografie Implicite (Citazioni, Esequie, Resurrezioni): ed Wood. intervista a Tim Burton. Filmografiadi Tim Burton. aAUTORI/OPERE DEL CINEMA eCodice materia Spics: 6807